Normal view
MARC view
Entry Topical Term
001 - CONTROL NUMBER
- control field: 19841
003 - CONTROL NUMBER IDENTIFIER
- control field: OSt
005 - DATE AND TIME OF LATEST TRANSACTION
- control field: 20201225122308.0
008 - FIXED-LENGTH DATA ELEMENTS
- fixed length control field: 201225|| aca||aabn | a|a d
040 ## - CATALOGING SOURCE
- Original cataloging agency: OSt
- Transcribing agency: OSt
150 ## - HEADING--TOPICAL TERM
- Topical term or geographic name entry element: Hosuing options, Sheltered housing, Extra care housing, Information advice, Realist evaluation
670 ## - SOURCE DATA FOUND
- Source citation: Work cat.: (OSt): Harding, Andrew J.E. et al 19840, “It can’t really be answered in an information pack ”:A realist evaluation of a telephone housing options service for older people
